chess pieces - Statistics

General Stats
  • This quiz has been taken 50 times
  • The average score is 6 of 6
Answer Stats
Picture Answer % Correct
pawn
100%
the king
100%
knight
97%
the queen
97%
bishop
95%
rook
92%
No matching quizzes found
Score Distribution
Percent of People with Each Score
Percentile by Number Answered
Your Score History
You have not taken this quiz